000 00669nam a2200229Ia 4500
003 OSt
005 20220918174333.0
006 a|||||r|||| 00| 0
007 ta
008 220917b |||||||| |||| 00| 0 eng d
024 _a11,629
037 _cTextual
040 _aARTS
_cARTS
_beng
041 _2eng
_aeng
082 _a/\:36xG08, 498L3.1-.2 (Q4)
100 _aDri-Med-'OD-Zer Klon-Chen-Pa
_950014
245 0 _aMiscellaneous writings (Gsun thor Bu)
260 _aNew Delhi
_bSanje Dorje
_c1973
650 _aSPIRITUALISM
942 _h/\:36xG08, 498L3.1-.2 (Q4)
_cTEXL
_2CC
999 _c152717
_d152717